| 000 | 01297cam a2200313 a 4500 | ||
|---|---|---|---|
| 001 | 3071713 | ||
| 003 | NUST-PNEC | ||
| 005 | 20170116180712.0 | ||
| 008 | 970722s1998 flua bf 001 0 eng | ||
| 010 | _a 97030197 | ||
| 020 | _a084939418X | ||
| 040 |
_aDLC _cPNEC _dDLC |
||
| 050 | 0 | 0 |
_aTJ151 _b.C73 1998 |
| 082 | 0 | 0 | _a621.02 KRE |
| 100 |
_9585 _aKreith Frank |
||
| 245 | 0 | 4 |
_aThe CRC handbook of mechanical engineering / _ceditor-in-chief, Frank Kreith. |
| 246 | 3 | _aHandbook of mechanical engineering | |
| 260 |
_aBoca Raton : _bCRC Press, _cc1998. |
||
| 300 |
_a1 v. (various pagings) : _bill. ; _c26 cm. + |
||
| 440 | 4 | _aThe mechanical engineering handbook series | |
| 500 | _ahttp://www.amazon.com/CRC-Handbook-Mechanical-Engineering-Kreith/dp/084939418X/ref=sr_1_1?s=books&ie=UTF8&qid=1413286619&sr=1-1&keywords=084939418X | ||
| 504 | _aIncludes bibliographical references and index. | ||
| 650 | 0 |
_aMechanical engineering _vHandbooks, manuals, etc. _xME |
|
| 700 | 1 | _aKreith, Frank. | |
| 856 | 4 | 2 |
_3Publisher description _uhttp://www.loc.gov/catdir/enhancements/fy0661/97030197-d.html |
| 906 |
_a7 _bcbc _corignew _d1 _eocip _f19 _gy-gencatlg |
||
| 942 |
_2ddc _cBK |
||
| 999 |
_c61016 _d61016 |
||